Loading...
| Mythology | 0 | 5 | 0 | 0 | 50 | 57 | 70.00 | 0 | 1 | 21.89 | 27.36 |
| Literature - European | 0 | 4 | 0 | 1 | 40 | 26 | 64.75 | 2 | 2 | 19.81 | 26.67 |
| Literature - British | 0 | 4 | 0 | 0 | 40 | 34 | 70.50 | 0 | 0 | 17.93 | 22.39 |
| Religion | 0 | 4 | 1 | 0 | 35 | 48 | 66.25 | 0 | 2 | 19.32 | 29.12 |
| Science - Other | 0 | 3 | 0 | 0 | 30 | 98 | 104.67 | 0 | 0 | 2.60 | 8.33 |
| Fine Arts - Painting and Sculpture | 0 | 3 | 1 | 0 | 25 | 18 | 56.33 | 1 | 1 | 16.61 | 25.00 |
| Science - Biology | 0 | 2 | 1 | 1 | 15 | 77 | 87.50 | 0 | 0 | 2.01 | 4.80 |
| Social Science | 0 | 1 | 0 | 0 | 10 | 72 | 72.00 | 0 | 0 | 5.66 | 5.56 |
| Literature - American | 0 | 1 | 0 | 0 | 10 | 63 | 63.00 | 0 | 0 | 5.18 | 8.33 |
| Philosophy | 0 | 1 | 0 | 0 | 10 | 87 | 87.00 | 0 | 0 | 2.99 | 5.56 |
| Popular Culture | 0 | 1 | 0 | 0 | 10 | 71 | 71.00 | 0 | 1 | 5.91 | 11.11 |
| Science - Chemistry | 0 | 1 | 0 | 1 | 10 | 105 | 105.00 | 0 | 0 | 0.00 | 0.93 |
| Science - Physics | 0 | 0 | 0 | 0 | 0 | 0.00 | 0 | 0 | 0.00 | 0.00 | |
| Fine Arts - Classical Music | 0 | 0 | 1 | 0 | -5 | 0.00 | 0 | 0 | 0.00 | 0.00 |